000 00565nam a2200217Ia 4500
005 20241129120323.0
008 241129s9999||||xx |||||||||||||| ||und||
020 _a9788171789603
037 _aTB
040 _aSDCL
_beng
_cSDCL
041 _ahin
_2hin
084 _aO152,3N15 Q8
_qSDCL
100 _aSahni Bhishma
_9392614
245 0 _aNeeloo Neelima Neelofar
260 _aDelhi
_bRajkamal prakashan India
_c2018
300 _a199p
365 _aINR
_b350
650 _aHindi
942 _cTB
_hO152,3N15 Q8
999 _c1234323
_d1234323